[Event "XXV C.to Italiano a squadre A"]
[Site "ITA"]
[Date "1993.??.??"]
[Round "?"]
[White "Albano, Marco"]
[Black "Molina, Fabrizio"]
[Result "1-0"]
[WhiteElo "2230"]
[BlackElo "2195"]
[PlyCount "69"]
[EventDate "1993.01.31"]

1. e4 c5 2. Nf3 Nc6 3. d4 cxd4 4. Nxd4 e5 5. Nb5 a6 6. Nd6+ Bxd6 7. Qxd6 Qf6 8.
Qc7 Nge7 9. Nc3 O-O 10. Be3 d5 11. Bc5 Be6 12. exd5 Bxd5 13. Bxe7 Nxe7 14. Nxd5
Nxd5 15. Qxb7 Rfd8 16. Rd1 Qh4 17. Be2 Ne3 18. Rxd8+ Rxd8 19. Bd3 e4 20. Qxe4
Qxe4 21. Bxe4 Rd1+ 22. Ke2 Rxh1 23. Kxe3 Rxh2 24. b4 Kf8 25. a4 Ke7 26. a5 Rh6
27. c4 Kd7 28. Kd4 Kc7 29. b5 axb5 30. cxb5 f5 31. Bf3 Kb8 32. b6 f4 33. Kc5
Rh1 34. a6 Rc1+ 35. Kd6 1-0

[Event "XXV C.to Italiano a squadre A"]
[Site "ITA"]
[Date "1993.??.??"]
[Round "?"]
[White "Battisti, Eugenio"]
[Black "Luciani, Carlo"]
[Result "0-1"]
[WhiteElo "1900"]
[BlackElo "2265"]
[PlyCount "52"]
[EventDate "1993.01.31"]

1. e4 e5 2. Nf3 Nc6 3. Bb5 a6 4. Ba4 Nf6 5. d3 d6 6. c3 g6 7. h3 Bg7 8. Be3 O-O
9. Qc1 Re8 10. Bh6 d5 11. Bxg7 Kxg7 12. Nbd2 b5 13. Bc2 Nh5 14. g3 f5 15. Nb3
Rf8 16. exf5 e4 17. dxe4 dxe4 18. Nfd4 Nxd4 19. Nxd4 c5 20. Ne6+ Bxe6 21. fxe6
Qd6 22. e7 Rxf2 23. Bxe4 Qxg3 24. Bxa8 Rc2+ 25. Kd1 Qd3+ 26. Ke1 Qe2# 0-1

[Event "XXV C.to Italiano a squadre A"]
[Site "ITA"]
[Date "1993.??.??"]
[Round "?"]
[White "Beulen, Marcel"]
[Black "Bozzo, Rodolfo"]
[Result "1/2-1/2"]
[WhiteElo "2310"]
[BlackElo "2100"]
[PlyCount "72"]
[EventDate "1993.01.31"]

1. e4 c5 2. Nf3 e6 3. Nc3 d6 4. d4 cxd4 5. Nxd4 Nf6 6. Be3 Be7 7. f3 Nc6 8. Qd2
O-O 9. O-O-O d5 10. exd5 Nxd5 11. Nxd5 Qxd5 12. Nb3 Qxd2+ 13. Bxd2 Rd8 14. Bb5
Bd7 15. Na5 Nxa5 16. Bxd7 Rxd7 17. Bxa5 Rxd1+ 18. Rxd1 b6 19. Rd7 Bg5+ 20. Bd2
Rd8 21. Rxd8+ Bxd8 22. c4 Bc7 23. h3 Kf8 24. Kc2 Ke7 25. b4 a6 26. Be3 e5 27.
g4 Ke6 28. Kd3 b5 29. Bd2 f6 30. Be3 g6 31. Bd2 h5 32. gxh5 gxh5 33. Be3 f5 34.
Bd2 Bd8 35. Be3 Bc7 36. Bd2 Bd8 1/2-1/2

[Event "XXV C.to Italiano a squadre A"]
[Site "ITA"]
[Date "1993.??.??"]
[Round "?"]
[White "Cocozza, Mario"]
[Black "D'Amore, Emanuele"]
[Result "1-0"]
[WhiteElo "2350"]
[BlackElo "2043"]
[PlyCount "95"]
[EventDate "1993.01.31"]

1. e4 c5 2. Nf3 Nc6 3. Bb5 g6 4. O-O Bg7 5. Re1 Nf6 6. c3 O-O 7. d4 cxd4 8.
cxd4 d5 9. e5 Ne4 10. Nc3 Nxc3 11. bxc3 Na5 12. Ba3 Bd7 13. Bf1 Rc8 14. Bb4 Nc4
15. Nd2 Nxd2 16. Qxd2 Re8 17. Bd3 Qc7 18. Rac1 Be6 19. a4 Red8 20. h3 h5 21.
Qg5 Re8 22. Bb5 Bd7 23. e6 Bxb5 24. exf7+ Kxf7 25. Qxd5+ e6 26. Qxb5 Bh6 27.
Rcd1 a6 28. Qe5 Qd7 29. a5 Bg7 30. Qf4+ Kg8 31. Qg5 Qf7 32. Rd3 Qf6 33. Qg3 Bh6
34. Rf3 Qg5 35. Qd6 Qd5 36. Qxd5 exd5 37. Rxe8+ Rxe8 38. Rf6 Kg7 39. Rb6 Re1+
40. Kh2 Rf1 41. Kg3 Bd2 42. Rxb7+ Kf6 43. Rb6+ Kf5 44. Kf3 Rc1 45. Rxa6 Bxc3
46. Rc6 Bxb4 47. Rxc1 Bxa5 48. Rc5 1-0

[Event "XXV C.to Italiano a squadre A"]
[Site "ITA"]
[Date "1993.??.??"]
[Round "?"]
[White "Della Ragione, Achille"]
[Black "D'Amore, Emanuele"]
[WhiteElo "1863"]
[BlackElo "2043"]
[Result "1-0"]
[PlyCount "59"]
[EventDate "1993.01.31"]

1. c4 c5 2. Nc3 Nf6 3. g3 e6 4. Bg2 a6 5. e4 d6 6. Rb1 Qc7 7. a3 Nbd7 8. d3 Rb8
9. Nge2 Be7 10. O-O O-O 11. h3 b6 12. Be3 Bb7 13. Qd2 d5 14. cxd5 exd5 15. exd5
b5 16. Rfc1 Bd6 17. b4 Rbc8 18. bxc5 Bxc5 19. Bxc5 Nxc5 20. d4 Ncd7 21. Nxb5
Qb8 22. Nbc3 Qa8 23. Nf4 Rfd8 24. Rb3 Rb8 25. Kh2 Nf8 26. Rcb1 Qa7 27. Qb2 N8d7
28. Rxb7 Qxd4 29. Rxb8 Nxb8 30. Qxb8 1-0

[Event "XXV C.to Italiano a squadre A"]
[Site "ITA"]
[Date "1993.??.??"]
[Round "?"]
[White "Di Segni, Raffaele"]
[Black "Marzano, Carlo"]
[Result "1/2-1/2"]
[WhiteElo "2049"]
[BlackElo "2210"]
[PlyCount "116"]
[EventDate "1993.01.31"]

1. Nf3 d5 2. c4 c6 3. cxd5 cxd5 4. d4 Nf6 5. Nc3 Nc6 6. g3 Bf5 7. a3 e6 8. Bg2
Be7 9. Bg5 O-O 10. O-O h6 11. Bxf6 Bxf6 12. b4 Rc8 13. Rc1 Qd6 14. e3 a5 15. b5
Nb8 16. Qb3 Nd7 17. Nd2 Bg6 18. Rfd1 Be7 19. Ndb1 Nf6 20. Bf1 b6 21. Bd3 Bxd3
22. Rxd3 Rc7 23. Rd2 Rfc8 24. Rdc2 Kf8 25. Na4 Nd7 26. Qd3 Nf6 27. Rxc7 Rxc7
28. Rxc7 Qxc7 29. Qc3 Qxc3 30. Nbxc3 Nd7 31. Nb1 Ke8 32. Kf1 Kd8 33. Ke2 Kc7
34. Nac3 Nf6 35. f3 Kd6 36. a4 e5 37. Nd2 Nd7 38. Nb3 Bf6 39. Kd3 Nf8 40. e4
dxe4+ 41. fxe4 exd4 42. Nd5 Nd7 43. Nxf6 Nxf6 44. Kxd4 Nd7 45. Nd2 Nc5 46. Nc4+
Kc7 47. Nb2 Kd7 48. Kd5 Kc7 49. h3 Kd7 50. e5 Kc7 51. h4 Kd7 52. g4 Kc7 53. Nc4
Nxa4 54. Nd6 Kd7 55. Nxf7 Nc3+ 56. Kc4 Ne4 57. Kd5 Nc3+ 58. Kc4 Ne4 1/2-1/2

[Event "XXV C.to Italiano a squadre A"]
[Site "ITA"]
[Date "1993.??.??"]
[Round "?"]
[White "Marzano, Carlo"]
[Black "Ianniello, Riccardo"]
[Result "0-1"]
[WhiteElo "2210"]
[BlackElo "2320"]
[PlyCount "92"]
[EventDate "1993.01.31"]

1. d4 d5 2. Nf3 Nf6 3. Bg5 c6 4. Nbd2 h6 5. Bf4 g6 6. e3 Bg7 7. c4 O-O 8. h3
Be6 9. Qb3 Qb6 10. c5 Qxb3 11. axb3 Nbd7 12. b4 a6 13. Be2 Nh5 14. Bh2 Kh7 15.
Nb3 Rfc8 16. O-O Nhf6 17. Rfc1 Ne8 18. Na5 Ra7 19. Nd2 Nc7 20. Nb1 Nb5 21. Nc3
Nxc3 22. Rxc3 f6 23. Rca3 Nf8 24. Nb3 Bd7 25. Ra5 Raa8 26. Nc1 e5 27. dxe5 fxe5
28. Na2 Re8 29. Nc3 Rad8 30. Rd1 Bc8 31. Raa1 Nd7 32. Bf3 Nf6 33. Bg3 Bf5 34.
Rd2 g5 35. Rad1 Bg6 36. Bh2 d4 37. exd4 Rxd4 38. Rxd4 exd4 39. Ne2 Nd5 40. Bg3
d3 41. Nc1 Nxb4 42. Nb3 Bxb2 43. Na5 Bc3 44. Nxb7 d2 45. Kh2 Bc2 46. Nd6 Re1
0-1

[Event "XXV C.to Italiano a squadre A"]
[Site "ITA"]
[Date "1993.??.??"]
[Round "?"]
[White "Martin, Tiziano"]
[Black "Ciancarini, Paolo"]
[Result "1/2-1/2"]
[WhiteElo "1957"]
[BlackElo "1932"]
[PlyCount "115"]
[EventDate "1993.01.31"]

1. e4 c5 2. Nc3 d6 3. g3 Nc6 4. Bg2 g6 5. d3 Bg7 6. Be3 Nf6 7. Qc1 Ng4 8. Bd2
O-O 9. Nf3 Rb8 10. h3 Nf6 11. Ne2 b5 12. O-O Bd7 13. Bh6 e5 14. Bxg7 Kxg7 15.
Qd2 a5 16. Nh4 Nh5 17. Kh2 Nd4 18. c3 Nxe2 19. Qxe2 Nf4 20. Qd2 Be6 21. Nf3
Nxg2 22. Kxg2 Qf6 23. Nh2 d5 24. Ng4 Bxg4 25. hxg4 dxe4 26. dxe4 Rbd8 27. Qe3
c4 28. Rh1 g5 29. Rad1 Rxd1 30. Rxd1 Rd8 31. Rxd8 Qxd8 32. Qc5 Qd7 33. Qxe5+ f6
34. Qd5 Qxg4 35. Qb7+ Kg6 36. f3 Qe6 37. Qxb5 g4 38. Qxa5 gxf3+ 39. Kxf3 Kg7
40. Qd5 Qa6 41. Qd7+ Kg6 42. a4 Qb6 43. Qb5 Qg1 44. Qxc4 Qh1+ 45. Ke3 Qg1+ 46.
Kd3 Qf1+ 47. Kd4 Qf2+ 48. Kd5 Qxg3 49. Kc6 Qb8 50. Qb5 Qa8+ 51. Kb6 Qb8+ 52.
Kc5 Qe5+ 53. Kb4 Qxe4+ 54. Ka3 h5 55. a5 h4 56. a6 h3 57. Qb7 f5 58. Qb8
1/2-1/2

[Event "XXV C.to Italiano a squadre A"]
[Site "ITA"]
[Date "1993.??.??"]
[Round "?"]
[White "Pagano, Sergio M."]
[Black "Poscente, Davide"]
[WhiteElo "2110"]
[BlackElo "2023"]
[Result "0-1"]
[PlyCount "74"]
[EventDate "1993.01.31"]

1. d4 Nf6 2. Nf3 c5 3. d5 b5 4. c4 Bb7 5. a4 b4 6. Nbd2 g6 7. e4 Bg7 8. Bd3 d6
9. O-O O-O 10. Re1 Bc8 11. h3 e5 12. dxe6 Bxe6 13. e5 dxe5 14. Nxe5 Nbd7 15.
Nc6 Qc7 16. Qf3 Kh8 17. Nb3 Rac8 18. Nba5 Rfe8 19. Bf4 Qb6 20. g4 Ng8 21. Re2
Nf8 22. Rae1 Bd7 23. Rxe8 Bxe8 24. Be4 Ne6 25. Bd5 Bxc6 26. Nxc6 Rxc6 27. Bxc6
Nd4 28. Qd5 Qxc6 29. Qxc6 Nxc6 30. Bd6 Bxb2 31. Bxc5 Nf6 32. g5 Nd7 33. Bxa7
Nde5 34. Re2 Bc3 35. Bc5 b3 36. Ba3 Nd4 37. Re4 Nc2 0-1

[Event "XXV C.to Italiano a squadre A"]
[Site "ITA"]
[Date "1993.??.??"]
[Round "?"]
[White "Poscente, Davide"]
[Black "Cocozza, Mario"]
[Result "1/2-1/2"]
[WhiteElo "2023"]
[BlackElo "2350"]
[PlyCount "105"]
[EventDate "1993.01.31"]

1. d4 Nf6 2. Nf3 g6 3. g3 Bg7 4. Bg2 O-O 5. O-O d6 6. c4 c6 7. Nc3 Nbd7 8. b3
Re8 9. Bb2 e5 10. d5 cxd5 11. Nxd5 Nxd5 12. Qxd5 Nf6 13. Qd2 Qe7 14. Ne1 Rd8
15. e4 Rb8 16. a4 b6 17. Nc2 Bb7 18. Rfe1 Nd7 19. Qe3 Qf8 20. a5 Bh6 21. Qc3 b5
22. a6 Ba8 23. Ba3 bxc4 24. bxc4 Nc5 25. Bb4 Rb6 26. Bxc5 dxc5 27. Ne3 Bxe3 28.
Rxe3 Qd6 29. Bf3 Qb8 30. Ra5 Rb1+ 31. Kg2 Qc7 32. Qa3 Rb4 33. Ra4 Rdb8 34. Rd3
Rxa4 35. Qxa4 Bc6 36. Qa3 Rb4 37. Qc1 Kg7 38. h4 h5 39. Qc3 f6 40. Kh2 Qf7 41.
Rd6 Rxc4 42. Qa5 Be8 43. Rd8 Qe7 44. Rc8 Ra4 45. Qc7 Kf8 46. Qb8 Rxa6 47. Rc7
Qd6 48. Qb7 Qb6 49. Qc8 c4 50. Rh7 Qxf2+ 51. Bg2 Ra2 52. Rh8+ Kg7 53. Rg8+
1/2-1/2

[Event "XXV C.to Italiano a squadre A"]
[Site "ITA"]
[Date "1993.??.??"]
[Round "?"]
[White "Zurla, Mirko"]
[Black "Gasser, Giorgio"]
[Result "1-0"]
[WhiteElo "2146"]
[BlackElo "2050"]
[PlyCount "95"]
[EventDate "1993.01.31"]

1. e4 Nf6 2. e5 Nd5 3. d4 d6 4. Nf3 Bg4 5. Be2 e6 6. c4 Nb6 7. exd6 cxd6 8.
Nbd2 Nc6 9. b3 Be7 10. Bb2 d5 11. O-O O-O 12. a3 Qc7 13. Re1 Rad8 14. c5 Nd7
15. b4 a6 16. Qb3 Bf6 17. a4 Qf4 18. g3 Qf5 19. Ra3 a5 20. bxa5 Bxf3 21. Nxf3
Nxa5 22. Qb5 Nc4 23. Bxc4 dxc4 24. Qxc4 Nxc5 25. Qxc5 Qxc5 26. dxc5 Bxb2 27.
Rb3 Bf6 28. Rxb7 Ra8 29. Re4 Rfc8 30. Rc4 Rc6 31. Rb6 Rc7 32. c6 Kf8 33. Nd4
Bxd4 34. Rxd4 Ke8 35. Kg2 Rac8 36. Rc4 Ke7 37. a5 Kd6 38. a6 Ra7 39. Rb7 Rc7
40. Rxa7 Rxa7 41. c7 Rxc7 42. Rxc7 Kxc7 43. Kf3 Kb6 44. Ke4 f6 45. Kd4 Kxa6 46.
Kc5 e5 47. g4 e4 48. h4 1-0

[Event "XXV C.to Italiano a squadre A"]
[Site "ITA"]
[Date "1993.??.??"]
[Round "1"]
[White "Arigoni, Bruno"]
[Black "Sabatini, Mario"]
[WhiteElo "1959"]
[BlackElo "2039"]
[Result "0-1"]
[PlyCount "102"]
[EventDate "1993.01.31"]

1. Nf3 Nf6 2. b3 d5 3. Bb2 c5 4. e3 Bg4 5. Bb5+ Nc6 6. O-O e6 7. d3 Be7 8. Nbd2
O-O 9. Bxc6 bxc6 10. Qe1 Nd7 11. e4 Re8 12. Qe3 Bf6 13. e5 Be7 14. Qf4 Bf5 15.
g4 g5 16. Qg3 Bg6 17. Rfe1 Kg7 18. Nf1 Rh8 19. Ne3 d4 20. Nc4 h5 21. h3 Nb6 22.
Nd6 Nd5 23. Bc1 hxg4 24. hxg4 Rh7 25. Bd2 Qh8 26. Kg2 Rg8 27. Bxg5 Kf8 28. Rh1
Qg7 29. Bxe7+ Kxe7 30. Ng5 Rxh1 31. Rxh1 Rh8 32. Rxh8 Qxh8 33. Nge4 Qh6 34.
Nxc5 Nf4+ 35. Kf3 Nd5 36. Nce4 Qh1+ 37. Ke2 Bxe4 38. Nxe4 Qc1 39. Qh4+ Kd7 40.
Qg5 Qxc2+ 41. Qd2 Nf4+ 42. Kf3 Qxd2 43. Nxd2 Nxd3 44. Nc4 c5 45. a3 Kc6 46. Kg3
Kd5 47. f4 Nc1 48. Nd2 Nxb3 49. Nxb3 c4 50. Nc1 d3 51. Kf3 d2 0-1

[Event "XXV C.to Italiano a squadre A"]
[Site "ITA"]
[Date "1993.??.??"]
[Round "1"]
[White "Beggi, Pierluigi"]
[Black "Diana, Riccardo"]
[Result "1/2-1/2"]
[WhiteElo "2235"]
[BlackElo "2100"]
[PlyCount "42"]
[EventDate "1993.01.31"]

1. d4 d5 2. Nf3 Nf6 3. e3 c6 4. b3 Bf5 5. Bb2 Nbd7 6. Nbd2 e6 7. Be2 Be7 8. O-O
h6 9. Ne5 Nxe5 10. dxe5 Ne4 11. Nxe4 Bxe4 12. Bd3 Bxd3 13. Qxd3 O-O 14. e4 dxe4
15. Qxe4 Qd5 16. Qe2 Rad8 17. Rad1 Qa5 18. a4 Rxd1 19. Rxd1 Rd8 20. c4 Qb6 21.
Rxd8+ Qxd8 1/2-1/2

[Event "XXV C.to Italiano a squadre A"]
[Site "ITA"]
[Date "1993.??.??"]
[Round "1"]
[White "Bellini, Fabio"]
[Black "Dizdarevic, Emir"]
[Result "1/2-1/2"]
[WhiteElo "2340"]
[BlackElo "2540"]
[PlyCount "111"]
[EventDate "1993.01.31"]

1. e4 c5 2. Nf3 e6 3. d3 b6 4. g3 Bb7 5. Bg2 Nf6 6. O-O Be7 7. e5 Nd5 8. d4 c4
9. Nfd2 Qc7 10. Ne4 O-O 11. Nbc3 Nxc3 12. bxc3 Bd5 13. Bd2 Qc6 14. Qe2 Na6 15.
f4 f5 16. exf6 Bxf6 17. Rae1 Nc7 18. Bh3 Rae8 19. Bc1 Be7 20. Nd2 Qa4 21. Nf3
Nb5 22. Qd2 Nd6 23. Re2 Ne4 24. Qe1 Nd6 25. Ne5 Nf5 26. Bg2 Qb5 27. Bxd5 Qxd5
28. Nf3 Bd6 29. Ne5 Be7 30. Qf2 b5 31. Qg2 Qxg2+ 32. Kxg2 Rd8 33. Rd1 Bd6 34.
d5 Ne7 35. dxe6 dxe6 36. Nf3 Bc5 37. Rxd8 Rxd8 38. Rxe6 Nd5 39. Bd2 Bb6 40. Ng5
b4 41. cxb4 c3 42. Be1 Nxb4 43. Bxc3 Nxa2 44. Be5 h6 45. Ne4 Bd4 46. c4 Nb4 47.
Re7 Bxe5 48. Rxe5 Ra8 49. Ra5 Nc6 50. Ra6 Nb4 51. Ra4 a5 52. Nd6 Kf8 53. Kf3
Ke7 54. c5 Kd7 55. Nc4 Kc6 56. Rxa5 1/2-1/2

[Event "XXV C.to Italiano a squadre A"]
[Site "ITA"]
[Date "1993.??.??"]
[Round "1"]
[White "Bellomo, Francesco"]
[Black "Abatino, Maurizio"]
[Result "1-0"]
[WhiteElo "2365"]
[BlackElo "2380"]
[PlyCount "39"]
[EventDate "1993.01.31"]

1. e4 e6 2. d3 d5 3. Nd2 Nf6 4. Ngf3 b6 5. c3 Bb7 6. Qa4+ Qd7 7. Qc2 Nc6 8. e5
Ng8 9. d4 f6 10. Bb5 a6 11. Bd3 Nge7 12. Bxh7 O-O-O 13. O-O Qe8 14. Bd3 Qh5 15.
Re1 fxe5 16. dxe5 g5 17. Nf1 g4 18. Ng3 Qe8 19. Ng5 Qd7 20. Nf7 1-0

[Event "XXV C.to Italiano a squadre A"]
[Site "ITA"]
[Date "1993.??.??"]
[Round "1"]
[White "Benvenuti, Carlo"]
[Black "Di Donna, Massimo"]
[Result "0-1"]
[WhiteElo "2105"]
[BlackElo "2255"]
[PlyCount "111"]
[EventDate "1993.01.31"]

1. d4 d5 2. Bf4 Nf6 3. e3 c5 4. c3 Nc6 5. Nd2 Bf5 6. Ngf3 e6 7. Be2 h6 8. Ne5
Be7 9. O-O O-O 10. Nxc6 bxc6 11. dxc5 Bxc5 12. Nb3 Bd6 13. Bxd6 Qxd6 14. Qd4 a5
15. Rad1 Rfb8 16. Qa4 Bc2 17. Rd2 Bxb3 18. axb3 Qc7 19. Bd1 Ne4 20. Re2 Nc5 21.
Qa3 Qb6 22. Bc2 Nxb3 23. Bxb3 Qxb3 24. Ra1 a4 25. f3 Qxa3 26. Rxa3 Kf8 27. Kf2
Ke7 28. Ke1 Kd6 29. Kd1 Kc5 30. Kc2 Kc4 31. Re1 Rb3 32. Rea1 Kb5 33. Kc1 Ra6
34. R1a2 c5 35. Kc2 e5 36. Ra1 d4 37. exd4 cxd4 38. Re1 Rxa3 39. Rxe5+ Kc4 40.
bxa3 Re6 41. cxd4 Kxd4 42. Rxe6 fxe6 43. Kd2 e5 44. g3 h5 45. h3 g5 46. h4 gxh4
47. gxh4 e4 48. fxe4 Kxe4 49. Kc3 Kf4 50. Kd4 Kg4 51. Ke4 Kxh4 52. Kf4 Kh3 53.
Kf3 Kh2 54. Kf2 Kh3 55. Kf3 h4 56. Kf2 0-1

[Event "XXV C.to Italiano a squadre A"]
[Site "ITA"]
[Date "1993.??.??"]
[Round "1"]
[White "Bernardi, Ruben"]
[Black "Bottanelli, Mauro"]
[WhiteElo "1963"]
[BlackElo "2057"]
[Result "0-1"]
[PlyCount "56"]
[EventDate "1993.01.31"]

1. e4 c6 2. d4 d5 3. Nc3 dxe4 4. Nxe4 Bf5 5. Ng3 Bg6 6. h4 h6 7. h5 Bh7 8. Nf3
Nd7 9. Bd3 Bxd3 10. Qxd3 e6 11. Bd2 Qc7 12. c4 Ngf6 13. O-O-O O-O-O 14. Bc3 Bd6
15. Ne4 Bf4+ 16. Kb1 c5 17. g3 cxd4 18. gxf4 Nxe4 19. Qxe4 dxc3 20. b3 Nc5 21.
Qe3 Qa5 22. Nd4 Rd6 23. Qc1 Rhd8 24. Nb5 c2+ 25. Qxc2 Rd2 26. Rxd2 Rxd2 27. Nc3
Rxc2 28. Kxc2 Qc7 0-1

[Event "XXV C.to Italiano a squadre A"]
[Site "ITA"]
[Date "1993.??.??"]
[Round "1"]
[White "Billio, Atto"]
[Black "Villa, Flavio"]
[WhiteElo "2155"]
[BlackElo "2000"]
[Result "1/2-1/2"]
[PlyCount "65"]
[EventDate "1993.01.31"]

1. d4 d5 2. Nf3 c5 3. g3 Nf6 4. Bg2 g6 5. O-O Bg7 6. c4 O-O 7. b3 Bf5 8. Bb2
Re8 9. Nbd2 Ne4 10. Nh4 Nxd2 11. Qxd2 Be6 12. Rac1 Nd7 13. e4 dxe4 14. Bxe4 Bh3
15. Bg2 Bxg2 16. Kxg2 e5 17. Rcd1 Qc7 18. dxe5 Nxe5 19. h3 Rad8 20. Qc3 f5 21.
Rfe1 Rxd1 22. Rxd1 Re7 23. Qc2 Rd7 24. f4 Rxd1 25. Qxd1 Qd7 26. Qxd7 Nxd7 27.
Bxg7 Kxg7 28. g4 Kf6 29. g5+ Ke6 30. Kf2 Kd6 31. Ke3 Kc6 32. a3 a5 33. Kd3
1/2-1/2

[Event "XXV C.to Italiano a squadre A"]
[Site "ITA"]
[Date "1993.??.??"]
[Round "1"]
[White "Blasco, Domenico"]
[Black "Altini, Daniele"]
[Result "0-1"]
[WhiteElo "2205"]
[BlackElo "2255"]
[PlyCount "53"]
[EventDate "1993.01.31"]

1. d4 Nf6 2. Nf3 g6 3. Bg5 Bg7 4. Nbd2 d5 5. e3 O-O 6. Bd3 b6 7. O-O c5 8. c3
Bb7 9. Qc2 Nc6 10. Rfe1 Rc8 11. a3 Qd7 12. Qb1 Rfe8 13. b4 Nh5 14. b5 Na5 15.
Ne5 Qd6 16. g4 f6 17. gxh5 fxe5 18. hxg6 e4 19. gxh7+ Kxh7 20. Bf1 Rg8 21. f4
cxd4 22. cxd4 Bxd4 23. Bh3 Qxf4 24. exd4 Rxg5+ 25. Kh1 Rc3 26. Rf1 Qxd2 27. Ra2
0-1

[Event "XXV C.to Italiano a squadre A"]
[Site "ITA"]
[Date "1993.??.??"]
[Round "1"]
[White "Bozzi, Gianni"]
[Black "Faraoni, Enrico"]
[Result "0-1"]
[WhiteElo "2305"]
[BlackElo "2049"]
[PlyCount "84"]
[EventDate "1993.01.31"]

1. d4 Nf6 2. c4 g6 3. Nc3 Bg7 4. e4 d6 5. Be2 O-O 6. f4 Na6 7. Nf3 e5 8. fxe5
dxe5 9. d5 Nc5 10. Qc2 a5 11. O-O Ne8 12. Be3 b6 13. Qd2 Nd6 14. Bxc5 bxc5 15.
Qe3 f5 16. Qxc5 fxe4 17. Nd2 Bf5 18. Qe3 Rb8 19. b3 Qh4 20. Rad1 Bh6 21. Qg3
Qxg3 22. hxg3 Be3+ 23. Kh2 Bd4 24. Rc1 h5 25. Nb5 Be3 26. Rc2 Bc5 27. Nxd6 cxd6
28. Nb1 Bg4 29. Nc3 Rxf1 30. Bxf1 Rf8 31. Be2 Rf2 32. Bxg4 Rxc2 33. Be6+ Kf8
34. Nxe4 Rxa2 35. Bd7 Ke7 36. Ba4 Be3 37. Nc3 Ra1 38. g4 h4 39. g3 Rc1 40. Nb5
Rc2+ 41. Kh3 g5 42. gxh4 Bf4 0-1

[Event "XXV C.to Italiano a squadre A"]
[Site "ITA"]
[Date "1993.??.??"]
[Round "1"]
[White "Burlando, Alessandro"]
[Black "Ratti, Ruggero"]
[Result "0-1"]
[WhiteElo "2112"]
[BlackElo "2320"]
[PlyCount "64"]
[EventDate "1993.01.31"]

1. d4 d5 2. c4 c6 3. Nf3 Nf6 4. Nc3 dxc4 5. a4 Bf5 6. Ne5 Nbd7 7. Nxc4 Nb6 8.
Nxb6 Qxb6 9. a5 Qc7 10. g3 Rd8 11. Bf4 Qd7 12. Bg2 Bh3 13. O-O h5 14. f3 Bxg2
15. Kxg2 Nd5 16. Nxd5 Qxd5 17. Qc2 g5 18. Be3 a6 19. Bg1 Bg7 20. e4 Qb5 21.
Rfd1 g4 22. Ra3 Rh6 23. Rb3 Qa4 24. e5 gxf3+ 25. Kxf3 Bxe5 26. Rc3 Qxc2 27.
Rxc2 Rhd6 28. Rc5 Rd5 29. Rb1 Bxd4 30. Bxd4 Rxd4 31. Rxh5 R8d5 32. Rxd5 Rxd5
0-1

[Event "XXV C.to Italiano a squadre A"]
[Site "ITA"]
[Date "1993.??.??"]
[Round "1"]
[White "Buzzi, Dario"]
[Black "Facchetti, Gianni"]
[WhiteElo "2124"]
[BlackElo "2133"]
[Result "0-1"]
[PlyCount "40"]
[EventDate "1993.01.31"]

1. e4 e5 2. Nf3 Nc6 3. Bb5 Bc5 4. c3 Nf6 5. d4 Bb6 6. O-O O-O 7. Re1 exd4 8. e5
Ng4 9. h3 Nxf2 10. Kxf2 dxc3+ 11. Kf1 f6 12. Qd5+ Kh8 13. exf6 Qxf6 14. bxc3 d6
15. Bg5 Qg6 16. Bd3 Bf5 17. Bxf5 Rxf5 18. Qe4 Qxg5 19. Qe8+ Rf8 20. Qxa8 Qb5+
0-1

[Event "XXV C.to Italiano a squadre A"]
[Site "ITA"]
[Date "1993.??.??"]
[Round "1"]
[White "Caselli, Luigi"]
[Black "Iudicello, Giovanni"]
[Result "1-0"]
[WhiteElo "2325"]
[BlackElo "2118"]
[PlyCount "109"]
[EventDate "1993.01.31"]

1. e4 e5 2. f4 Bc5 3. Nf3 d6 4. c3 Nf6 5. d4 exd4 6. cxd4 Bb6 7. e5 dxe5 8.
fxe5 Nd5 9. Bc4 Bg4 10. Nc3 c6 11. O-O O-O 12. Kh1 Nc7 13. Be3 Nba6 14. Ne4 Qd7
15. Qb3 Be6 16. Rad1 Bxc4 17. Qxc4 Nd5 18. Bg5 h6 19. Bd2 Nac7 20. Qc1 Qg4 21.
Rde1 Ne6 22. h3 Qh5 23. Ng3 Qg6 24. Ne2 Qd3 25. Qb1 Qxb1 26. Rxb1 Rfd8 27. b4
Ndc7 28. Be3 Nb5 29. Rfd1 a5 30. a4 Na3 31. Rb3 Nc4 32. Bg1 Rd7 33. Rc1 Nd2 34.
Nxd2 Bxd4 35. Nxd4 Nxd4 36. Bxd4 Rxd4 37. Nc4 axb4 38. Rxb4 Ra7 39. a5 Kf8 40.
Rb6 g6 41. a6 bxa6 42. Na5 Rd5 43. Nxc6 Ra8 44. Rf1 Ke8 45. e6 f5 46. Rfb1 Rb5
47. R1xb5 axb5 48. Rxb5 Rc8 49. Rb6 Kf8 50. Ne5 g5 51. Rb7 Rc1+ 52. Kh2 Re1 53.
e7+ Ke8 54. Nc6 Re6 55. Rb8+ 1-0

[Event "XXV C.to Italiano a squadre A"]
[Site "ITA"]
[Date "1993.??.??"]
[Round "1"]
[White "Ciampi, Vincenzo"]
[Black "Vallifuoco, Giacomo"]
[Result "0-1"]
[WhiteElo "2260"]
[BlackElo "2380"]
[PlyCount "38"]
[EventDate "1993.01.31"]

1. e4 c5 2. Nc3 e6 3. Nf3 d6 4. g3 Nc6 5. Bg2 Nf6 6. O-O Be7 7. d4 cxd4 8. Nxd4
Bd7 9. Nce2 O-O 10. b3 a6 11. Bb2 Qc7 12. h3 b5 13. Nxc6 Bxc6 14. Nd4 Bxe4 15.
Nxe6 fxe6 16. Bxf6 Bxf6 17. Bxe4 d5 18. Bd3 Bxa1 19. Qxa1 e5 0-1

[Event "XXV C.to Italiano a squadre A"]
[Site "ITA"]
[Date "1993.??.??"]
[Round "1"]
[White "Colombo, Alberto"]
[Black "Barletta, Mauro"]
[Result "1-0"]
[WhiteElo "2001"]
[BlackElo "2235"]
[PlyCount "141"]
[EventDate "1993.01.31"]

1. Nf3 Nf6 2. d4 d5 3. Bg5 e6 4. e3 c5 5. c3 Be7 6. Nbd2 Nbd7 7. Bd3 b6 8. O-O
Bb7 9. Qe2 Ne4 10. Bxe7 Qxe7 11. a4 O-O 12. Ne5 Nxe5 13. dxe5 Nxd2 14. Qxd2 Qc7
15. f4 f6 16. Qc2 h6 17. exf6 Rxf6 18. Qe2 Bc6 19. Bc2 Raf8 20. g3 e5 21. Qh5
e4 22. Rad1 Qf7 23. Qxf7+ R6xf7 24. Bb3 Rd7 25. Rf2 a6 26. Rfd2 Rfd8 27. Kf2
Kf8 28. g4 Ke7 29. Kg3 Kf6 30. h4 Rd6 31. Bc2 R6d7 32. b4 d4 33. cxd4 cxb4 34.
Rb1 a5 35. Bd1 b5 36. Rc2 Rd6 37. Rc5 bxa4 38. Rxa5 b3 39. g5+ hxg5 40. fxg5+
Ke7 41. Bg4 Rb8 42. Kf4 Rb5 43. Rxa4 Bd5 44. Ra7+ Kd8 45. Bf5 b2 46. Bxe4 Bxe4
47. Kxe4 Re6+ 48. Kf4 Rc6 49. Rxg7 Rc1 50. Rxb2 Rxb2 51. h5 Rf1+ 52. Ke4 Rh2
53. h6 Rfh1 54. Ke5 Ke8 55. Ke6 Kf8 56. Ra7 Kg8 57. Kf6 Rf2+ 58. Kg6 Rf8 59. e4
Rb1 60. d5 Rb6+ 61. Kh5 Rb1 62. e5 Rd1 63. d6 Rd5 64. Re7 Rd1 65. d7 Kh8 66. e6
Rg8 67. Re8 Kh7 68. Rxg8 Kxg8 69. e7 Rh1+ 70. Kg6 Rxh6+ 71. gxh6 1-0

[Event "XXV C.to Italiano a squadre A"]
[Site "ITA"]
[Date "1993.??.??"]
[Round "1"]
[White "Costantino, Giampaolo"]
[Black "Passoni, Carlo"]
[Result "0-1"]
[WhiteElo "1953"]
[BlackElo "2230"]
[PlyCount "106"]
[EventDate "1993.01.31"]

1. d4 Nf6 2. c4 g6 3. Nc3 Bg7 4. e4 d6 5. f3 O-O 6. Be3 Nc6 7. Nge2 a6 8. Qd2
Rb8 9. a3 e5 10. d5 Ne7 11. O-O-O Ne8 12. Kc2 f5 13. Nc1 Nf6 14. Bd3 c6 15. b4
cxd5 16. cxd5 Bd7 17. Kb2 Qc7 18. Nb3 fxe4 19. fxe4 Ng4 20. h3 Nxe3 21. Qxe3
Rf4 22. g3 Rf7 23. h4 Rbf8 24. Rdf1 Rc8 25. Be2 Bh6 26. Qd3 Rxf1 27. Rxf1 Bh3
28. Rh1 Qd7 29. Na5 Rc7 30. Nc4 Nc8 31. a4 Bg4 32. b5 Rc5 33. Kb3 Bxe2 34. Qxe2
axb5 35. axb5 Rxb5+ 36. Nxb5 Qxb5+ 37. Kc3 Nb6 38. Rh2 Na4+ 39. Kc2 Qc5 40. Qd3
b5 41. Kb3 Qg1 42. Qc2 Nc5+ 43. Kb4 bxc4 44. Kxc4 Qd4+ 45. Kb5 Qa1 46. Re2 Qa6+
47. Kb4 Bc1 48. Qa2 Ba3+ 49. Qxa3 Qxe2 50. Qa8+ Kg7 51. Qe8 Qxe4+ 52. Kb5 Qxd5
53. Qe7+ Qf7 0-1

[Event "XXV C.to Italiano a squadre A"]
[Site "ITA"]
[Date "1993.??.??"]
[Round "1"]
[White "Demetz, Rainer"]
[Black "Contini, Luca"]
[Result "1-0"]
[WhiteElo "2157"]
[BlackElo "2320"]
[PlyCount "95"]
[EventDate "1993.01.31"]

1. e4 c5 2. Nf3 d6 3. d4 cxd4 4. Nxd4 Nf6 5. Nc3 e6 6. f4 a6 7. Bd3 Nc6 8. Nf3
Be7 9. O-O O-O 10. Kh1 e5 11. Nd5 Bg4 12. h3 Bxf3 13. Qxf3 exf4 14. Bxf4 Nd7
15. Rad1 Nce5 16. Qe3 Rc8 17. c3 Kh8 18. Be2 Re8 19. Qa7 Rb8 20. Nxe7 Qxe7 21.
Qd4 Nc5 22. b4 Ne6 23. Qxd6 Nxf4 24. Rxf4 Ng6 25. Qxe7 Rxe7 26. Rf2 Rxe4 27.
Bf3 Re7 28. Rfd2 h6 29. Rd8+ Rxd8 30. Rxd8+ Kh7 31. Rb8 b5 32. Rb6 Re3 33. Rxa6
Rxc3 34. Ra5 Nh4 35. Bd5 f5 36. Rxb5 g5 37. Rc5 Re3 38. b5 g4 39. hxg4 fxg4 40.
Rc7+ Kg6 41. b6 Re1+ 42. Kh2 Nf5 43. g3 Re2+ 44. Kg1 Nxg3 45. b7 Rb2 46. Rc8
Ne2+ 47. Kf1 Nf4 48. Be4+ 1-0